Pnys / (Record no. 83949)

MARC details
000 -LEADER
campo de control de longitud fija 00409nam a2200157 i 4500
001 - NÚMERO DE CONTROL
campo de control 83949
003 - IDENTIFICADOR DE NÚMERO DE CONTROL
campo de control ES-MaACL
005 - FECHA Y HORA DE LA ÚLTIMA TRANSACCIÓN
campo de control 20230906174923.0
007 - CAMPO FIJO DE DESCRIPCIÓN FÍSICA--INFORMACIÓN GENERAL
campo de control de longitud fija t|
008 - DATOS DE LONGITUD FIJA--INFORMACIÓN GENERAL
campo de control de longitud fija 041118s1926 sp ||||1| spa d
100 1# - ENTRADA PRINCIPAL--NOMBRE DE PERSONA
Nombre de persona Iraizoz, Antonio.
9 (RLIN) 65408
245 10 - MENCIÓN DEL TÍTULO
Título Pnys /
Mención de responsabilidad, etc. Antonio Yraizoz.
260 ## - PUBLICACIÓN, DISTRIBUCIÓN, ETC.
Lugar de publicación, distribución, etc. Madrid :
Nombre del editor, distribuidor, etc. Mundo Latino,
Fecha de publicación, distribución, etc. 1926 (
Fabricante Calpe)
300 ## - DESCRIPCIÓN FÍSICA
Extensión 267 p. ;
Dimensiones 19 cm.
852 ## - LOCALIZACIÓN
Ubicación ES-MaACL
Número de control de estantería D-7894
Sublocalización o colección R.31436
Holdings
Estatus retirado Estado de pérdida Estado de daño No para préstamo Biblioteca de origen Biblioteca actual Ubicación en estantería Fecha de adquisición Fuente de adquisición Total de préstamos Signatura topográfica completa Código de barras Visto por última vez Precio de reemplazo Tipo de ítem Koha
        Biblioteca del Ateneo de Madrid Biblioteca del Ateneo de Madrid Sala Valle Inclán 17/01/2008     D-7894 901087735 23/02/2023 23/02/2023 Libro impreso